Natural Farming and Crop Management / (Record no. 50039)

MARC details
000 -LEADER
fixed length control field 00662nam a22002297a 4500
003 - CONTROL NUMBER IDENTIFIER
control field OSt
008 - FIXED-LENGTH DATA ELEMENTS--GENERAL INFORMATION
fixed length control field 260408b |||||||| |||| 00| 0 eng d
020 ## - INTERNATIONAL STANDARD BOOK NUMBER
International Standard Book Number 9789366265391
082 ## - DEWEY DECIMAL CLASSIFICATION NUMBER
Classification number 631.584
Item number P31N
245 ## - TITLE STATEMENT
Title Natural Farming and Crop Management /
Statement of responsibility, etc. by Sarthak Pattanayak...[et al.]
260 ## - PUBLICATION, DISTRIBUTION, ETC. (IMPRINT)
Place of publication, distribution, etc .- Delhi
Name of publisher, distributor, etc : IBPSS
Date of publication, distribution, etc , 2025
300 ## - PHYSICAL DESCRIPTION
Extent vii,253p.
650 ## - SUBJECT ADDED ENTRY--TOPICAL TERM
Topical term or geographic name as entry element Technology (Applied Sciences)
650 ## - SUBJECT ADDED ENTRY--TOPICAL TERM
Topical term or geographic name as entry element Agriculture and Related Technologies
650 ## - SUBJECT ADDED ENTRY--TOPICAL TERM
Topical term or geographic name as entry element Natural Farming
650 ## - SUBJECT ADDED ENTRY--TOPICAL TERM
Topical term or geographic name as entry element Crop Management
700 ## - ADDED ENTRY--PERSONAL NAME
Personal name Pattanayak, Sarthak.
700 ## - ADDED ENTRY--PERSONAL NAME
Personal name Das, Priyanka.
700 ## - ADDED ENTRY--PERSONAL NAME
Personal name Pradhan, Uma.
700 ## - ADDED ENTRY--PERSONAL NAME
Personal name Prusty, Ajay Kumar.
942 ## - ADDED ENTRY ELEMENTS (KOHA)
Source of classification or shelving scheme
Koha item type Books
Holdings
Withdrawn status Lost status Source of classification or shelving scheme Damaged status Not for loan Home library Current library Date acquired Source of acquisition Cost, normal purchase price Total Checkouts Full call number Barcode Date last seen Bill Date Koha item type Bill Number
          Dr. Rajendra Prasad Central Agricultural University Pusa, Dr. Rajendra Prasad Central Agricultural University Pusa, 08/04/2026 IBPS, Delhi 3450.00   631.584 P31N 87001 08/04/2026 28/01/2026 Books IBPS/021/2025-26
Hosted, Implemented, Customized & Maintained by: BestBookBuddies

Powered by Koha